Utrpenie Mladého Werthera

Bibliographic Details
Main Author: E.S (Author)
Format: Article
Language:Slovak
Subjects:

MARC

LEADER 00000nab a2200000 a 4500
001 vtls000116903
003 SK-MaSNL
005 20260303024013.0
008 111104c1982 xo 0 slo
015 |a SNBRB19rr/mm-uuuuu 
035 |a CL0127008 
040 |a SNKBUCL  |b slo  |c SNKBUCL  |e AACR2 
041 0 |a slo 
044 |a xo  |c SK 
080 |a 82:929:830  |2 1981 
080 |a 830  |2 1981 
080 |a 929 Goethe, Johann Wolfgang von  |2 1981 
080 |a 82  |2 1981 
080 |a 792.2.097  |2 1981 
100 1 |a E.S.  |4 aut  |9 465792 
245 1 0 |a Utrpenie Mladého Werthera  |c E.S. 
600 1 7 |a Goethe, Johann Wolfgang von,  |d 1749-1832  |t Utrpenie mladého Werthera  |2 snkbucl  |9 956163 
650 0 7 |a televízne inscenácie  |2 snkbucl  |9 2919 
655 7 |a články z novín a časopisov  |2 snkbucl  |9 267496 
655 7 |a články z odboru literárna veda a krásna literatúra  |2 snkbucl  |9 770045 
773 0 |t Televízia  |g Roč. 17, č. 21 (1982), s. 13 
850 |a Slovenská národná knižnica v Martine  |a MTA001 
852 |a SNK  |b KIS3GCP 
958 |a RK 
958 |a LX 
992 |a RBX 
999 |c 1637713  |d 1639643